| 000 | 00829nmc a2200313 a 4500 | ||
|---|---|---|---|
| 003 | AR-BaBNM | ||
| 005 | 20251128211734.0 | ||
| 008 | 246020s2003 ||||||||||||||000 | spa|| | ||
| 020 | _a84-7584-517-7 | ||
| 040 | _cAR-BaBNM | ||
| 100 | 1 | _aLarrosa, Jorge | |
| 245 | 1 | 0 |
_aEntre las lenguas _blenguaje y educación después de Babel |
| 250 | _a1ª ed. | ||
| 260 |
_aBarcelona _bLaertes _c2003 |
||
| 300 | 0 | _a380 p. | |
| 490 | 0 |
_aPsicopedagogía _vv. 108 |
|
| 650 | 4 | _aPEDAGOGIA | |
| 650 | 4 | _aFILOSOFIA DE LA EDUCACION | |
| 650 | 4 | _aLINGUISTICA | |
| 650 | 4 | _aPAPEL DEL LENGUAJE | |
| 650 | 4 | _aPOLITICA EDUCATIVA | |
| 653 | 0 | _aANALISIS DEL DISCURSO | |
| 653 | 0 | _aPEDAGOGIA CRITICA | |
| 653 | 0 | _aEROTISMO | |
| 800 | 1 | _aRodríguez, María Luisa | |
| 800 | 1 | _aLarrosa, Jorge | |
| 942 | _cBK | ||
| 998 | _cme-solo cat | ||
| 999 |
_c20898 _d20898 |
||